000 00496nam a2200145 a 4500
008 120416s1966 ||||||||||||||||| || u
050 _aTK 7876 Col
100 _aCollin, Robert E
245 1 0 _aFoundations for microwave engineering
250 _aInter. stu
260 _aTokyo
_bMcGraw-Hill
_c1966
300 _axiv, 564p. : ill
350 _a0.00
995 _D0.00
_FCBU-MAIN LIBRARY (Kitwe)
_H1
_I31.00
_UDAMAGED
_ZMain Library Open Access Collection
999 _c43880
_d43880